New chemical techniques in the establishment, maintenance and rehabilitation of leguminous covers (Record no. 63763)

MARC details
000 -LEADER
fixed length control field 00415nam a2200121Ia 4500
100 ## - MAIN ENTRY--AUTHOR NAME
Personal name Tan H T
245 #0 - TITLE STATEMENT
Title New chemical techniques in the establishment, maintenance and rehabilitation of leguminous covers
260 ## - PUBLICATION, DISTRIBUTION, ETC. (IMPRINT)
Name of publisher Proceedings of the RRIM Planters Conference, Kuala Lumpur, 1977; p135-149
650 ## - SUBJECT ADDED ENTRY--TOPICAL TERM
Topical Term Leguminous cover
700 ## - ADDED ENTRY--PERSONAL NAME
Personal name Pillai K R
942 ## - ADDED ENTRY ELEMENTS (KOHA)
Koha item type Journals
Holdings
Withdrawn status Lost status Damaged status Not for loan Home library Current library Shelving location Date acquired Koha item type
      Journals RRII Library RRII Library Soils and agonomy 17/12/2021 Journals